La otra rebelión : (Registro nro. 14608)

Detalles MARC
000 -LIDER
fixed length control field 01351nam a2200337 a 4500
001 - NÚMERO DE CONTROL
Identificador de número de control 000007137
003 - IDENTIFICACDOR DE NÚMERO DE CONTROL
control field DO-SdBNP
005 - DATE AND TIME OF LATEST TRANSACTION
control field 20240320135343.0
007 - CAMPOS FIJOS DE DESCRIPCIÓN FÍSICA
fixed length control field 000007137
008 - ELEMENTOS DE LONGITUD FIJA
fixed length control field 090717s2011 mx 001 0 spa d
020 ## - ISBN
Canceled/invalid ISBN 9789681675554
040 ## - FUENTE DE CATALOGACIÓN
Agencia que crea de manera original el registro BPMSU
Idioma de catalogación spa
Agencia que realiza la transcripción BPMSU
082 #4 - NÚMERO DE CLASIFICACIÓN DECIMAL DE DEWEY
Classification number 972.03
Item number V217o 2011
Edition number 22
100 1# - ASIENTO PRINCIPAL -- NOMBRE PERSONAL
Nombre personal Van Young, Eric Julian.
Fechas asociadas con el nombre
245 13 - MENCIÓN DE TITULO
Título La otra rebelión :
Subtítulo la lucha por la independencia de México, 1810-1821 /
Mención de responsabilidad Eric Van Young ; traducción de Rossana Reyes Vega.
260 ## - PUBLICACIÓN, DISTRIBUCIÓN, ETC. (PIE DE IMPRENTA)
Lugar de publicación, distribución, etc México :
Nombre del editor, distribuidor, etc. Fondo de Cultura Económica ;
Fecha de publicación, distribución, etc 2011
300 ## - DESCRIPCIÓN FÍSICA
Extensión 1007 p. ;
Dimensiones 24 cm.
Otros detalles físicos
440 ## - MENCIÓN DE SERIE/ENTRADA SECUNDARIA--TÍTULO
ISSN
490 0# - MENCIÓN DE SERIES
Mención de serie Sección de obras de historia
500 ## - NOTA GENERAL
Nota general Incluye bibliografía e índice.
504 ## - NOTA DE BIBLIOGRAFÍA, ETC.
Bibliography, etc Incluye referencias bibliográficas y notas al pie de las páginas
534 ## - NOTA SOBRE LA VERSIÓN ORIGINAL
Frase introductoria Título original :
Mención del título original The other rebellion. Popular violence, ideology, and the mexican struggle for indepedence, 1810-1821.
Asiento principal del original
590 ## - NOTA LOCAL
Texto de la nota local Inventariado, 2024/VM
651 #4 - ENCABEZAMIENTO DE MATERIA--NOMBRE GEOGRÁFICO
Nombre geográfico Indígenas de México
Subdivisión temática general Historia
Subdivisión cronológica Siglo XIX
651 #4 - ENCABEZAMIENTO DE MATERIA--NOMBRE GEOGRÁFICO
Nombre geográfico México
Subdivisión temática general Historia
Subdivisión cronológica Guerra de independencia, 1810-1821
700 1# - ASIENTO SECUNDARIO -- NOMBRE PERSONAL
Nombre personal Reyes Vega, Rossana.,
Mención de responsabilidad tr.
710 2# - ASIENTO SECUNDARIO -- NOMBRE CORPORATIVO
Nombre corporativo o de jurisdicción Fondo de Cultura Económica (México)
710 2# - ASIENTO SECUNDARIO -- NOMBRE CORPORATIVO
Nombre corporativo o de jurisdicción Instituto Nacional de Antropología e Historia (México)
910 ## - VALIDACIÓN
Validación VMateo V. Control de calidad BPMSU
942 ## - ADDED ENTRY ELEMENTS (KOHA)
Source of classification or shelving scheme Dewey Decimal Classification
Koha item type Libros
Existencias
Withdrawn status Lost status Source of classification or shelving scheme Damaged status Not for loan Collection code Home library Current library Date acquired Source of acquisition Total Checkouts Full call number Barcode Date last seen Price effective from Koha item type
    Dewey Decimal Classification     Colección General Biblioteca Pública Metropolitana Salomé Ureña Biblioteca Pública Metropolitana Salomé Ureña 03/20/2024 Fondo de Cultura Económica   BPMSU CG 972.03 V217o 2011 BPMSU24030070 03/20/2024 03/20/2024 Libros